MARC

LEADER 00000nam0a2200000 4500
001 250885
005 20231101232615.0
035 |a (RuTPU)RU\TPU\book\273121 
090 |a 250885 
100 |a 20140217d1987 k y0rusy50 ca 
101 0 |a rus 
102 |a RU 
105 |a a z 001zy 
200 1 |a Математические методы и вычислительная техника в горном деле  |e сборник научных трудов  |f Академия наук СССР (АН СССР), Сибирское отделение (СО), Институт горного дела (ИГД) ; под ред. Е. И. Шемякина, А. Ф. Ревуженко 
210 |a Новосибирск  |c Изд-во ИГД  |d 1987 
215 |a 99 с.  |c ил. 
320 |a Библиогр. в конце ст. 
606 1 |a Горное дело  |x Математические методы  |2 stltpush  |3 (RuTPU)RU\TPU\subj\7570 
606 1 |a Вычислительная техника  |x В горном деле  |2 stltpush  |3 (RuTPU)RU\TPU\subj\4024  |9 32340 
610 1 |a моделирование 
610 1 |a ЭВМ 
610 1 |a горные породы 
610 1 |a горные работы 
610 1 |a программирование 
610 1 |a прикладные программы 
610 1 |a деформирование 
610 1 |a математическое моделирование 
675 |a 622:51  |v 3 
675 |a 622:681.3  |v 3 
702 1 |a Шемякин  |b Е. И.  |4 340 
702 1 |a Ревуженко  |b А. Ф.  |4 340 
712 0 2 |a Академия наук СССР (АН СССР)  |b Сибирское отделение (СО)  |b Институт горного дела (ИГД)  |c (Новосибирск)  |2 stltpush  |3 (RuTPU)RU\TPU\col\11352 
801 1 |a RU  |b 63413507  |c 20140217 
801 2 |a RU  |b 63413507  |c 20140528  |g RCR 
942 |c BK